000
00245nmm a2200085Ia 4500
008
220120s9999||||xx |||||||||||||||||und||
100
_a
Digit
245
0
_a
30 full free games, 10+testagrad real world racing , 10 game
260
_a
Nine dot Nine
_c
2014
999
_c
139892
_d
139892